000 00835nam a2200265 a 4500
001 000024796
005 20200930023356.0
008 110203s1990 sp r 000 f spa d
020 _a8432230685
040 _aDO-SdBNP
_bspa
_cBNPHU
041 1 7 _aeng
_hspa
_2Código de idioma MARC
082 _a833.91
_bF917n
100 1 _aFrisch, Max,
_d1911-1991
_950884
240 1 0 _aStiller.
_lEspañol
245 1 0 _aNo soy Stiller /
_cMax Frisch ; traducción Margarita Fontseré.
260 _aBarcelona, (España) :
_bSeix Barral ,
_c1990.
300 _a515 p. ;
_c19 cm.
490 1 _aBiblioteca de Bolsillo
534 _aTítulo original :
_tStiller.
650 4 _aNovela alemana
_93302
650 4 _aLiteratura alemana
_93274
700 1 _aFontseré, Margarita
_etr.
_950885
830 0 _aBiblioteca de Bolsillo
_95816
049 _aBNGR
999 _c24289
_d24289